000 00297nam a22001337a 4500
008 170713b xxu||||| |||| 00| 0 eng d
020 _a9780813344928
041 _aeng
080 _a101
100 _a24
101 _aFIL
245 _aPHILOSOPHY OF HUMAN RIGHTS
_cBOERSEMA, D
942 _2udc
_cBK
999 _c20645
_d20645